00637 2200241 4500001002100000005001700021008004100038020001800079035002400097090001500121100002300136245004400159250001100203260002800214300002900242500003100271650003000302850001500332980001500347985000600362986001200368999001500380YOGYA-0209000000390520090227020651.0 ind  a979-421-160-5 0010-020900000003905 a631bJum D aJUMIN, Hasan Basri aDasar-dasar agronomicHasan Basri Jumin aCet. 2 aJakartabRajawalic1991 axi, 140 hlmbilusc20 cm aBibliografi : hlm. 137-140 aPertanian - Aspek ekonomi aYOPDYOG(B) a03-27-2006 a1 aMrrtrev a95P0056420